The Rain Forest Tribes of Cameroon ,West Africa: (Record no. 191419)

MARC details
000 -LEADER
fixed length control field 00598nam a22001817a 4500
005 - DATE AND TIME OF LATEST TRANSACTION
control field 20220825155839.0
010 ## - LCCN (DPL NO)
LC control number ENG-134685
020 ## - INTERNATIONAL STANDARD BOOK NUMBER
International Standard Book Number 9788192799957
Terms of availability 2500.00
035 ## - SYSTEM CONTROL NUMBER
System control number EN-118217
037 ## - SOURCE OF ACQUISITION
Source of stock number/acquisition DBAD/PUB
082 ## - DEWEY DECIMAL CLASSIFICATION NUMBER
Classification number 2500.00
100 ## - MAIN ENTRY--PERSONAL NAME
Personal name Reddy,V.Rami
245 ## - TITLE STATEMENT
Title The Rain Forest Tribes of Cameroon ,West Africa:
Remainder of title Thier Dental Morphological Variation and Dental health
Statement of responsibility, etc V.Rami Reddy
260 ## - PUBLICATION, DISTRIBUTION, ETC. (IMPRINT)
Name of publisher, distributor, etc V. Indira
Place of publication, distribution, etc Andra Pradesh
Date of publication, distribution, etc 2020
270 ## - ADDRESS
Address #10-20, NALANDA NAGAR
City Andra Pradesh
Postal code 517502
300 ## - PHYSICAL DESCRIPTION
Extent ix,345p.
Dimensions 26cm(pbk)
942 ## - ADDED ENTRY ELEMENTS (KOHA)
Source of classification or shelving scheme Dewey Decimal Classification
Item type English Books
Classification part 634.90966
Call number suffix RED
Holdings
Withdrawn status Lost status Not for loan Collection code Home library Current library Date acquired Source of acquisition Cost, normal purchase price Full call number Barcode Copy number Cost, replacement price Koha item type
      Non-fiction R.K.Puram-8 R.K.Puram-8 25/08/2022 DBAD/PUB 2500.00 634.90966 RED EN-118217 1 2500.00 English Books

© Delhi Public Library
Hit Counter
free hit counter